<?xml version="1.0" encoding="UTF-8"?>
<marc:record xmlns:marc="http://www.loc.gov/MARC21/slim">
   <marc:leader>00000nam a2200000 a 4500</marc:leader>
   <marc:datafield ind1="1" ind2=" " tag="100">
      <marc:subfield code="a">Pavlica,Ji?í</marc:subfield>
   </marc:datafield>
   <marc:datafield ind1="0" ind2="0" tag="245">
      <marc:subfield code="a">Zbojné písn? moravské</marc:subfield>
   </marc:datafield>
   <marc:datafield ind1="0" ind2="0" tag="245">
      <marc:subfield code="c">Vybral, sestavil a moravské lidové písn? upravil Ji?í Pavlica</marc:subfield>
   </marc:datafield>
   <marc:datafield ind1=" " ind2="1" tag="264">
      <marc:subfield code="a">Praha [u.a.]</marc:subfield>
      <marc:subfield code="b">Supraphon</marc:subfield>
      <marc:subfield code="c">1986</marc:subfield>
   </marc:datafield>
   <marc:datafield ind1=" " ind2=" " tag="500">
      <marc:subfield code="a">Interpr.: Hradi&#x9a;tan = Jirí Pavlica, leader, 1st violin, Jew´s harp, cither, kobsa. Libomír Svatos, violin, Jew´s harp. Jan Nykl, violin. David Burda, clarinet, soprano recorder, shepherd´s pipe. Frantisek Petrzel, clarinet. Milan Malina, dulcimer, percuss</marc:subfield>
   </marc:datafield>
   <marc:datafield ind1="0" ind2=" " tag="490">
      <marc:subfield code="v">0</marc:subfield>
   </marc:datafield>
   <marc:datafield ind1=" " ind2=" " tag="542">
      <marc:subfield code="d">Hradi&#x9a;tan Folk Ensemble</marc:subfield>
   </marc:datafield>
   <marc:datafield ind1=" " ind2=" " tag="300">
      <marc:subfield code="a">1 Schallpl. : 33 UpM, stereo ; 30 cm</marc:subfield>
   </marc:datafield>
</marc:record>
